000 01007cam a22002295a 4500
001 L159230
008 160321s2015 xxk f 000 0 eng d
020 _a9780727760968
035 _a(Sirsi) u159230
041 0 _aeng
050 0 4 _a624.08
100 1 _aMitchell, Bronwyn
245 0 0 _aNEC3
_bThe role of the supervisor
260 _aWestminster
_bICE Publishing
_c2015
300 _axi, 142p, 29cm
520 _aPractical guide for those performing the role of supervisor under NEC3 ECC contracts as it gives tips and highlights the importance and the significant potential benefits that the role of a supervisor has to offer in the delivery of projects. Describes the technical and behavioural traits that will be of use to the supervisor as well as the obligations and activities inherent in this role. Divided into a chronological set of learning outcomes.
590 _aKA
651 4 _aUnited Kingdom
690 _aConstruction management
_96230
700 1 _aTrebes, Barry
942 _n0
999 _c115751
_d115751